| 000 | 00750nam a2200241 a 4500 | ||
|---|---|---|---|
| 999 |
_c12088 _d12088 |
||
| 001 | 12087 | ||
| 003 | BD-JhCC | ||
| 005 | 20210314101358.0 | ||
| 008 | 200329s2020 b |||| ||a| 000 0 ben d | ||
| 020 | _a9848261370 | ||
| 035 | _a(BD-JhCC)12087 | ||
| 040 |
_aBD-JhCC _dBD-JhCC |
||
| 041 | _abengali | ||
| 082 |
_a923.1 _bMAH 2020 |
||
| 100 | _aমাহমুদ,আনু | ||
| 245 |
_aজাতি রাষ্ট্রের জনক / _cআনু মাহমুদ। |
||
| 260 |
_aঢাকা: _bদি স্কাই পাবলিশার্স; _c২০২০. |
||
| 300 |
_a২৩৯ পৃ. : _c২০ সেমি. |
||
| 600 | _aRahaman, shekh Mojibur | ||
| 650 | _aBiography | ||
| 942 |
_2ddc _cBK |
||